<?xml version="1.0" encoding="UTF-8"?>
<collection xmlns="http://www.loc.gov/MARC21/slim">
 <record>
  <leader>01327nam a2200217Ia 4500</leader>
  <controlfield tag="001">TDMU_21991</controlfield>
  <controlfield tag="008">210410s9999    xx            000 0 und d</controlfield>
  <datafield tag="082" ind1=" " ind2=" ">
   <subfield code="a">551.078</subfield>
  </datafield>
  <datafield tag="090" ind1=" " ind2=" ">
   <subfield code="b">H407</subfield>
  </datafield>
  <datafield tag="100" ind1=" " ind2=" ">
   <subfield code="a">Hoàng, Thị Thanh Thủy</subfield>
  </datafield>
  <datafield tag="245" ind1=" " ind2="0">
   <subfield code="a">Sổ tay thí nghiệm địa kỹ thuật</subfield>
  </datafield>
  <datafield tag="245" ind1=" " ind2="0">
   <subfield code="c">Hoàng Thị Thanh Thủy, Thiềm Quốc Tuấn</subfield>
  </datafield>
  <datafield tag="260" ind1=" " ind2=" ">
   <subfield code="a">Tp. Hồ Chí Minh</subfield>
  </datafield>
  <datafield tag="260" ind1=" " ind2=" ">
   <subfield code="b">Đại học Quốc gia Tp. Hồ Chí Minh</subfield>
  </datafield>
  <datafield tag="260" ind1=" " ind2=" ">
   <subfield code="c">2014</subfield>
  </datafield>
  <datafield tag="300" ind1=" " ind2=" ">
   <subfield code="a">115 tr.</subfield>
  </datafield>
  <datafield tag="520" ind1=" " ind2=" ">
   <subfield code="g">Chương 1.</subfield>
   <subfield code="t">Nhận biết và mô tả đất --</subfield>
   <subfield code="g">Chương 2.</subfield>
   <subfield code="t">Độ ẩm tự nhiên --</subfield>
   <subfield code="g">Chương 3.</subfield>
   <subfield code="t">Dung trọng tự nhiên --</subfield>
   <subfield code="g">Chương 4.</subfield>
   <subfield code="t">Khối lượng riêng --</subfield>
   <subfield code="g">Chương 5.</subfield>
   <subfield code="t">Thành phần hạt --</subfield>
   <subfield code="g">Chương 6.</subfield>
   <subfield code="t">Giới hạn chảy - Giới hạn dẻo --</subfield>
   <subfield code="g">Chương 7.</subfield>
   <subfield code="t">Thủy tính --</subfield>
   <subfield code="g">Chương 8.</subfield>
   <subfield code="t">Đầm chặt tiêu chuẩn --</subfield>
   <subfield code="g">Chương 9.</subfield>
   <subfield code="t">Cắt trực tiếp --</subfield>
   <subfield code="g">Chương 10.</subfield>
   <subfield code="t">Nén nở hông --</subfield>
   <subfield code="g">Chương 11.</subfield>
   <subfield code="t">Nén không nở hông</subfield>
  </datafield>
  <datafield tag="650" ind1=" " ind2=" ">
   <subfield code="a">Địa chất học; Địa kỹ thuật</subfield>
   <subfield code="x">Thực hành thí nghiệm</subfield>
  </datafield>
  <datafield tag="700" ind1=" " ind2=" ">
   <subfield code="a">Thiềm, Quốc Tuấn</subfield>
  </datafield>
  <datafield tag="856" ind1=" " ind2=" ">
   <subfield code="u">http://lrc.tdmu.edu.vn/opac/search/detail.asp?aID=2&amp;ID=21991</subfield>
  </datafield>
  <datafield tag="980" ind1=" " ind2=" ">
   <subfield code="a">Trung tâm Học liệu Trường Đại học Thủ Dầu Một</subfield>
  </datafield>
 </record>
</collection>
